000 00817nab a2200241uu 4500
001 14320
003 HDC
007 cr aa aaaau
008 210214p2004 ||||| |||| 00| 0 eng d
040 _aHDC
245 0 _aEuropean Commission Directorate-General for Agriculture
260 _a[no place] :
_b[publisher not identified]
_c2004
300 _a1 online resource (18 pages )
336 _atext
_2rdacontent
337 _acomputer
_2rdamedia
338 _aonline resource
_2rdacarrier
650 _aagricultural markets
_914881
650 _amacroeconomic conditions
_914882
856 _zRequest full-text at [email protected]
942 _2lcc
942 _cAR
942 _kJART 003397
999 _c11636
_d11636